ბათუმის შოთა რუსთაველის სახელმწიფო უნივერსიტეტის ბიბლიოთეკა

ციცინათელა (ბიბ.ჩანაწერი № 48661)

000 -LEADER
fixed length control field 00922nam a2200217Ia 4500
001 - CONTROL NUMBER
control field 15561
003 - CONTROL NUMBER IDENTIFIER
control field GE_BSU
008 - FIXED-LENGTH DATA ELEMENTS--GENERAL INFORMATION
fixed length control field 181216s||||||||xx |||||||||||||| ||und||
040 ## - CATALOGING SOURCE
Transcribing agency GE_BSU
080 ## - UNIVERSAL DECIMAL CLASSIFICATION NUMBER
Universal Decimal Classification number 821.353.1-1
245 ## - TITLE STATEMENT
Title ციცინათელა
245 ## - TITLE STATEMENT
Remainder of title ჭიათურა-საჩხერის ლიტ. გაერთიანების წევრთა ლექსები და მოთხრობები
245 ## - TITLE STATEMENT
Statement of responsibility, etc. რედ.გ.გეგეჭკორი. მხატვ.გ.ღლონტი
260 ## - PUBLICATION, DISTRIBUTION, ETC.
Place of publication, distribution, etc. თბილისი
260 ## - PUBLICATION, DISTRIBUTION, ETC.
Name of publisher, distributor, etc. ნაკადული
260 ## - PUBLICATION, DISTRIBUTION, ETC.
Date of publication, distribution, etc. 1979
300 ## - PHYSICAL DESCRIPTION
Extent 71გვ.16სმ.
653 ## - INDEX TERM--UNCONTROLLED
Uncontrolled term ციცინათელა
653 ## - INDEX TERM--UNCONTROLLED
Uncontrolled term ჭიათურა-საჩხერის ლიტ. გაერთიანების წევრთა ლექსები და მოთხრობები
942 ## - ADDED ENTRY ELEMENTS (KOHA)
Koha item type წიგნი
ეგზემპლარები
Withdrawn status Lost status Damaged status Not for loan Date acquired Barcode Date last seen Price effective from Koha item type
        2018-12-17 38772 2018-12-17 2018-12-17 წიგნი